[Event "CYCC U16 w"]
[Site "Calgary CAN"]
[Date "2023.07.19"]
[Round "2.44"]
[White "Zhong, April"]
[Black "Koop, Alison"]
[Result "1-0"]
[WhiteElo "1938"]
[BlackElo "1250"]
[PlyCount "43"]
[EventDate "2023.07.19"]
[EventType "swiss"]
[EventRounds "7"]
[EventCountry "CAN"]

1. e4 c5 2. Nf3 d6 3. Bb5+ Bd7 4. Bxd7+ Qxd7 5. O-O Nc6 6. c3 Nf6 7. Re1 h6 8.
d4 O-O-O 9. Nbd2 e5 10. d5 Nb8 11. b4 Na6 12. Qb3 cxb4 13. cxb4 Qb5 14. Rb1 g5
15. a4 Qd7 16. Ba3 Be7 17. b5 Nc7 18. b6 axb6 19. Qxb6 Rdg8 20. Qxb7+ Kd8 21.
Nc4 Nfe8 22. Nb6 1-0

[Event "CYCC U16 w"]
[Site "Calgary CAN"]
[Date "2023.07.19"]
[Round "2.45"]
[White "Jain, Ankita"]
[Black "Mok, Gillian"]
[Result "1-0"]
[WhiteElo "1467"]
[BlackElo "1999"]
[Annotator ",hugh_brodie@hotmail."]
[PlyCount "88"]
[EventDate "2023.07.19"]
[EventType "swiss"]
[EventRounds "7"]
[EventCountry "CAN"]

1. d4 Nf6 2. c4 g6 3. Nc3 Bg7 4. e4 d6 5. Nf3 O-O 6. Be2 Nbd7 7. h3 e5 8. d5
Nc5 9. Qc2 a5 10. Be3 Na6 11. a3 c6 12. dxc6 bxc6 13. Rd1 Qe7 14. Bg5 Bb7 15.
O-O h6 16. Be3 Nc7 17. Qd2 d5 18. cxd5 cxd5 19. exd5 Ncxd5 20. Nxd5 Bxd5 21.
Bxh6 Rfd8 22. Qg5 Bxh6 23. Qxh6 Nh7 24. Rd2 Bb3 25. Qe3 Rxd2 26. Nxd2 Bd5 27.
Bc4 Qe6 28. Bxd5 Qxd5 29. Rc1 Rd8 30. Nc4 e4 31. Qe1 a4 32. Qb4 Ng5 33. Ne3 Qe5
34. Ng4 Qf4 35. Ne3 Qf6 36. Rd1 Rc8 37. Nd5 Nxh3+ 38. gxh3 Qg5+ 39. Kf1 Re8 40.
Qd2 Qh4 41. Qc3 e3 42. Nxe3 Qxh3+ 43. Kg1 Kh7 44. Rd3 Rc8 {
Rest is unreadable. White won on move 55.} 1-0

[Event "CYCC U16 w"]
[Site "Calgary CAN"]
[Date "2023.07.29"]
[Round "2.46"]
[White "Gokhale, Tanishka"]
[Black "Sreekumar, Gauri"]
[Result "1-0"]
[WhiteElo "1543"]
[BlackElo "1633"]
[PlyCount "73"]
[EventDate "2023.07.19"]
[EventType "swiss"]
[EventRounds "7"]
[EventCountry "CAN"]

1. e4 c5 2. Nf3 d6 3. d4 cxd4 4. Nxd4 Nf6 5. Nc3 g6 6. f3 Bg7 7. Be3 Nc6 8. Qd2
O-O 9. Be2 d5 10. exd5 Nxd5 11. Nxd5 Qxd5 12. c3 Nxd4 13. Bxd4 Rd8 14. Be3
Qxd2+ 15. Bxd2 Be6 16. Be3 Rd6 17. O-O b6 18. Rfd1 Rad8 19. Rxd6 Rxd6 20. a4
Bb3 21. a5 Re6 22. Kf2 Be5 23. axb6 axb6 24. Bh6 Bd5 25. Bc4 Bc6 26. Bxe6 fxe6
27. Ra7 Bf6 28. Rc7 Be8 29. Rc8 Kf7 30. Rb8 g5 31. f4 Bd7 32. fxg5 Be5 33. Rf8+
Kg6 34. g4 Bxh2 35. Rg8+ Kf7 36. Rg7+ Ke8 37. Rxh7 1-0

[Event "CYCC U16 w"]
[Site "Calgary CAN"]
[Date "2023.07.19"]
[Round "2.47"]
[White "Jeweli, Rosalina"]
[Black "Lin, Angela"]
[Result "1/2-1/2"]
[WhiteElo "1605"]
[BlackElo "1469"]
[PlyCount "134"]
[EventDate "2023.07.19"]
[EventType "swiss"]
[EventRounds "7"]
[EventCountry "CAN"]

1. d4 d5 2. Bf4 Bf5 3. e3 Nf6 4. Nf3 e6 5. Bd3 Ne4 6. Nbd2 Nd7 7. c3 Nxf2 8.
Kxf2 Bxd3 9. Nb3 Ba6 10. Re1 Nf6 11. Kg1 Ne4 12. Nbd2 Be7 13. Nxe4 dxe4 14. Ne5
O-O 15. Qg4 f5 16. Qd1 Bh4 17. Qb3 Qd5 18. Qxd5 exd5 19. Bg3 Bxg3 20. hxg3 Rad8
21. a4 Bc4 22. Nxc4 dxc4 23. a5 Rd5 24. Reb1 Rf6 25. Ra4 Rc6 26. Rb4 b6 27.
axb6 cxb6 28. Ra1 Rc7 29. Raa4 b5 30. Ra5 Rb7 31. Rxc4 bxc4 32. Rxd5 Rxb2 33.
Rxf5 Re2 34. Rc5 Rxe3 35. Rxc4 Rxg3 36. d5 Rd3 37. Rc5 a5 38. Rxa5 Rxc3 39. d6
Rc8 40. Re5 Rd8 41. Rxe4 Rxd6 42. Rf4 Rf6 43. Rxf6 gxf6 44. Kf2 Kg7 45. Kf3 Kg6
46. Kg4 h6 47. g3 h5+ 48. Kf4 f5 49. Kf3 Kg5 50. Kg2 Kg4 51. Kf2 h4 52. gxh4
Kxh4 53. Kf3 Kg5 54. Kg3 f4+ 55. Kf3 Kf5 56. Kf2 Ke4 57. Ke2 Kf5 58. Kf3 Kg5
59. Kf2 Kg4 60. Kg2 f3+ 61. Kf2 Kf4 62. Kf1 Ke3 63. Ke1 Kd3 64. Kf2 Ke4 65. Kf1
Ke3 66. Ke1 f2+ 67. Kf1 Kf3 1/2-1/2

[Event "CYCC U16 w"]
[Site "Calgary CAN"]
[Date "2023.07.20"]
[Round "3.43"]
[White "Jain, Ankita"]
[Black "Ruchinskaya, Valerie"]
[Result "0-1"]
[WhiteElo "1467"]
[BlackElo "2058"]
[PlyCount "104"]
[EventDate "2023.07.19"]
[EventType "swiss"]
[EventRounds "7"]
[EventCountry "CAN"]

1. d4 d5 2. c4 c6 3. Nc3 Nf6 4. Nf3 dxc4 5. a4 Bf5 6. Ne5 Nbd7 7. Nxc4 Qc7 8.
f3 e5 9. e4 exd4 10. Ne2 Bb4+ 11. Bd2 Bxd2+ 12. Qxd2 Be6 13. Nxd4 Bxc4 14. Bxc4
Ne5 15. Qc3 O-O-O 16. O-O-O Rd7 17. Be2 Kb8 18. Nf5 g6 19. Rxd7 Nexd7 20. Ne3
Rd8 21. Rd1 Qxh2 22. Bc4 Rf8 23. Kb1 Qe5 24. Qxe5+ Nxe5 25. Bb3 Kc7 26. Kc2
Ned7 27. Nc4 Nc5 28. Ne5 Nfd7 29. Nxd7 Nxd7 30. Kc3 a5 31. Bc4 f6 32. b3 Ne5
33. Be6 Re8 34. Bh3 Rd8 35. Rxd8 Kxd8 36. f4 Nd7 37. Bg4 Ke7 38. Kd4 h5 39. Be2
h4 40. Bg4 b6 41. e5 Nc5 42. Kc4 f5 43. Bf3 Kd7 44. Kc3 Ne6 45. Kd2 Nxf4 46.
Ke3 g5 47. Kd4 g4 48. Bd1 Nxg2 49. Bc2 Ke6 50. Bd3 h3 51. Bf1 Nf4 52. Ke3 Kxe5
0-1

[Event "CYCC U16 w"]
[Site "Calgary CAN"]
[Date "2023.07.20"]
[Round "3.44"]
[White "Surya, Dania"]
[Black "Zhong, April"]
[Result "1-0"]
[WhiteElo "1491"]
[BlackElo "1938"]
[PlyCount "83"]
[EventDate "2023.07.19"]
[EventType "swiss"]
[EventRounds "7"]
[EventCountry "CAN"]

1. e4 e6 2. d4 d5 3. e5 c5 4. c3 Nc6 5. Nf3 Bd7 6. a3 f6 7. Bd3 Qc7 8. exf6
Nxf6 9. O-O O-O-O 10. b4 c4 11. Bc2 Bd6 12. Bg5 h6 13. Bh4 g5 14. Bg3 g4 15.
Nfd2 Bxg3 16. fxg3 Rdf8 17. a4 h5 18. Qe1 Rh6 19. Na3 Qd8 20. b5 Na5 21. Qe3
Rfh8 22. Qg5 Qf8 23. Bg6 Rg8 24. Rxf6 Qg7 25. Raf1 Rxg6 26. Rxg6 Qxg6 27. Rf8+
Kc7 28. Rxg8 Qxg5 29. Rxg5 Be8 30. Kf2 a6 31. Rg7+ Kd6 32. Ke3 axb5 33. axb5
Bd7 34. Kf4 Nb3 35. Nxb3 cxb3 36. Rxd7+ Kxd7 37. Ke5 Kc7 38. Kxe6 Kb6 39. Kxd5
Ka5 40. Nc4+ Kxb5 41. Nb2 b6 42. h3 1-0

[Event "CYCC U16 w"]
[Site "Calgary CAN"]
[Date "2023.07.20"]
[Round "3.45"]
[White "Koop, Alison"]
[Black "Gokhale, Tanishka"]
[Result "1-0"]
[WhiteElo "1250"]
[BlackElo "1543"]
[PlyCount "159"]
[EventDate "2023.07.19"]
[EventType "swiss"]
[EventRounds "7"]
[EventCountry "CAN"]

1. d4 d5 2. c4 e6 3. Nc3 Nf6 4. e3 Be7 5. Nf3 a6 6. Bd2 dxc4 7. Bxc4 b5 8. Bd3
Bb7 9. Qc2 Nbd7 10. a3 c5 11. Be2 Rc8 12. dxc5 Nxc5 13. Qd1 Nd3+ 14. Bxd3 Qxd3
15. Rc1 O-O 16. Qe2 Qg6 17. O-O Ne4 18. Nxe4 Bxe4 19. Rfe1 Bd3 20. Qd1 Rxc1 21.
Qxc1 Be4 22. Kh1 Bxf3 23. gxf3 Qh5 24. Qc6 Bf6 25. b3 Bb2 26. Bb4 Rd8 27. Kg2
Qg5+ 28. Kf1 Qd5 29. Qxa6 Qxb3 30. Qb6 Qd3+ 31. Kg2 h6 32. e4 Rc8 33. Re3 Qc4
34. Qb7 Rc7 35. Qb8+ Kh7 36. Re1 Bd4 37. Rd1 Ba7 38. Qa8 Qc6 39. Qxc6 Rxc6 40.
Rd7 Bc5 41. Rb7 Bb6 42. Rxf7 Rc2 43. Be1 Bc5 44. Rc7 Rc4 45. Rb7 Bxa3 46. Rxb5
Rc5 47. Rb6 Rg5+ 48. Kh3 Rh5+ 49. Kg2 Rg5+ 50. Kf1 Rg6 51. Bd2 Bc5 52. Rc6 Bd4
53. Rc4 e5 54. f4 Rf6 55. Ke2 Bb2 56. Rb4 Bd4 57. Kf3 g5 58. f5 Kg7 59. h3 h5
60. Bxg5 Rf7 61. Rc4 Kh7 62. Rc6 Kg7 63. Rh6 Rc7 64. Rxh5 Rc2 65. Be3 Rc3 66.
Rg5+ Kf6 67. Rg6+ Kf7 68. h4 Bxe3 69. fxe3 Rc1 70. Rg2 Rh1 71. Kg4 Re1 72. Rg3
Ra1 73. Kh5 Ra8 74. Rg6 Rh8+ 75. Kg5 Rh7 76. h5 Rh8 77. h6 Kf8 78. Rg7 Ke8 79.
Kg6 Kf8 80. f6 1-0

[Event "CYCC U16 w"]
[Site "Calgary CAN"]
[Date "2023.07.20"]
[Round "3.46"]
[White "Mok, Gillian"]
[Black "Jeweli, Rosalina"]
[Result "1-0"]
[WhiteElo "1999"]
[BlackElo "1605"]
[PlyCount "77"]
[EventDate "2023.07.19"]
[EventType "swiss"]
[EventRounds "7"]
[EventCountry "CAN"]

1. e4 c5 2. Nf3 Nc6 3. d4 cxd4 4. Nxd4 e5 5. Nb5 d6 6. Be3 a6 7. N5c3 Nge7 8.
Bc4 g6 9. O-O Bg7 10. Nd5 Nxd5 11. Bxd5 Ne7 12. Bb3 O-O 13. Nc3 Kh8 14. Qd2 f5
15. Bg5 Bf6 16. Bh6 Bg7 17. Bxg7+ Kxg7 18. f4 Qd7 19. Rad1 Rf6 20. fxe5 dxe5
21. Qxd7 Bxd7 22. Rxd7 Re8 23. Nd5 Rf7 24. Nc7 Ref8 25. Ne6+ Kf6 26. Nxf8 Rxf8
27. Rfd1 Re8 28. h4 f4 29. R1d6+ Kg7 30. Re6 Kf8 31. Rf6+ Kg7 32. Rf7+ Kh8 33.
Rdxe7 Rxe7 34. Rxe7 b6 35. Rxe5 b5 36. h5 Kg7 37. Re7+ Kf6 38. hxg6 hxg6 39.
Re6+ 1-0

[Event "CYCC U16 w"]
[Site "Calgary CAN"]
[Date "2023.07.20"]
[Round "3.47"]
[White "Lin, Angela"]
[Black "Sreekumar, Gauri"]
[Result "1-0"]
[WhiteElo "1469"]
[BlackElo "1633"]
[PlyCount "45"]
[EventDate "2023.07.19"]
[EventType "swiss"]
[EventRounds "7"]
[EventCountry "CAN"]

1. d4 Nf6 2. c4 g6 3. Nc3 Bg7 4. Bf4 O-O 5. Qd2 d5 6. Nb5 Na6 7. e3 Bf5 8. Bd3
Bxd3 9. Qxd3 c6 10. Na3 Ne4 11. Nf3 Qa5+ 12. Nd2 e5 13. Bxe5 Bxe5 14. dxe5 Rfd8
15. Rd1 Nb4 16. Qb3 Nxd2 17. Rxd2 dxc4 18. Nxc4 Qc5 19. Nd6 Rd7 20. O-O a5 21.
Ne4 Qxe5 22. Rxd7 Qxe4 23. Qxf7+ 1-0

[Event "CYCC U16 w"]
[Site "Calgary CAN"]
[Date "2023.07.20"]
[Round "4.43"]
[White "Ruchinskaya, Valerie"]
[Black "Koop, Alison"]
[Result "1/2-1/2"]
[WhiteElo "2058"]
[BlackElo "1250"]
[PlyCount "110"]
[EventDate "2023.07.19"]
[EventType "swiss"]
[EventRounds "7"]
[EventCountry "CAN"]

1. d4 d5 2. c4 c6 3. cxd5 cxd5 4. Bf4 Nf6 5. e3 Bf5 6. Nc3 e6 7. Qb3 Qb6 8.
Qxb6 axb6 9. Bb5+ Nc6 10. Nf3 Bb4 11. Ke2 Bxc3 12. bxc3 O-O 13. Nh4 Bc2 14.
Rhc1 Ba4 15. Bd3 b5 16. Rab1 Rfc8 17. Nf3 h6 18. Ne5 Ra5 19. f3 Nh5 20. Kd2
Nxf4 21. exf4 g6 22. Rb2 Kg7 23. Nd7 Rca8 24. a3 R8a7 25. Nc5 Nd8 26. Ra1 Kf6
27. Nxa4 Rxa4 28. Rb3 Nc6 29. Bxb5 R4a5 30. a4 Ne7 31. Rab1 Nc8 32. g3 Nd6 33.
Kd3 Ke7 34. g4 Kf6 35. h4 Ra8 36. Rh1 Rc8 37. Rb4 Rc7 38. Rc1 Rc8 39. c4 dxc4+
40. Bxc4 b5 41. axb5 Nxb5 42. Rcb1 Nd6 43. Rc1 Ra3+ 44. Rc3 Ra1 45. Bb3 Rxc3+
46. Kxc3 Rf1 47. d5 Rxf3+ 48. Kd2 exd5 49. Bxd5 Rh3 50. g5+ Kg7 51. gxh6+ Kxh6
52. Rb6 Nc8 53. Rf6 Rxh4 54. Rxf7 Nd6 55. Rf8 Nf5 1/2-1/2

[Event "CYCC U16 w"]
[Site "Calgary CAN"]
[Date "2023.07.20"]
[Round "4.44"]
[White "Zhong, April"]
[Black "Jain, Ankita"]
[Result "1-0"]
[WhiteElo "1938"]
[BlackElo "1467"]
[PlyCount "123"]
[EventDate "2023.07.19"]
[EventType "swiss"]
[EventRounds "7"]
[EventCountry "CAN"]

1. e4 e6 2. d4 d5 3. Nd2 dxe4 4. Nxe4 Be7 5. Nf3 Nf6 6. Bd3 Nxe4 7. Bxe4 Nd7 8.
Qe2 Nf6 9. Bxb7 Bxb7 10. Qb5+ Qd7 11. Qxb7 O-O 12. O-O Qd6 13. Qb5 Rfd8 14. c3
Rab8 15. Qe2 Qb6 16. Rb1 Nd5 17. Bd2 Rb7 18. Ne5 c5 19. c4 Nf6 20. dxc5 Bxc5
21. b4 Bd4 22. c5 Qc7 23. Nc4 Ne8 24. Be3 Bxe3 25. Qxe3 Rd5 26. Qf3 Qb8 27. Na5
Rc7 28. a3 Nf6 29. Rfd1 Qb5 30. Rxd5 Nxd5 31. Rd1 h6 32. Qd3 Qe8 33. h3 Qe7 34.
c6 Qg5 35. b5 Rc8 36. Qf3 Qe5 37. Nc4 Qc7 38. Ne3 Nb6 39. Rd4 Qe5 40. Rb4 Qa1+
41. Qd1 Qxa3 42. Rd4 Qe7 43. Rd6 Kf8 44. Ng4 f6 45. Kf1 Ke8 46. Ke2 Nd5 47.
Rxd5 exd5+ 48. Ne3 Rd8 49. Qd4 Qc7 50. Kf3 Qf7 51. g4 g6 52. Kf4 Qe7 53. h4 Kf7
54. Qa4 Re8 55. Kg3 Qd6+ 56. Kh3 Re7 57. Qd4 Qe5 58. Qxe5 fxe5 59. Nxd5 Re8 60.
b6 axb6 61. Nxb6 Ke7 62. c7 1-0

[Event "CYCC U16 w"]
[Site "Calgary CAN"]
[Date "2023.07.20"]
[Round "4.45"]
[White "Surya, Dania"]
[Black "Lin, Angela"]
[Result "0-1"]
[WhiteElo "1491"]
[BlackElo "1469"]
[PlyCount "132"]
[EventDate "2023.07.19"]
[EventType "swiss"]
[EventRounds "7"]
[EventCountry "CAN"]

1. e4 c5 2. b3 e6 3. Bb2 Nc6 4. Nf3 Nf6 5. e5 Nd5 6. c4 Nde7 7. g3 Ng6 8. Bg2
Nb4 9. O-O Qc7 10. d4 cxd4 11. Bxd4 d5 12. exd6 Qxd6 13. Nc3 a6 14. Ne4 Qc7 15.
a3 Nc6 16. Bb2 e5 17. c5 Bg4 18. Nd6+ Bxd6 19. cxd6 Qd7 20. Qd2 Rd8 21. Rad1
O-O 22. Qe3 Rfe8 23. Rd2 Re6 24. h3 Bxf3 25. Bxf3 Rxd6 26. Rxd6 Qxd6 27. Rd1
Qe6 28. Rxd8+ Nxd8 29. h4 f6 30. Qd3 Qe8 31. Bd5+ Kh8 32. Qc4 Ne7 33. Bg2 Qd7
34. Qc2 Qf5 35. Qd2 Qc8 36. Kh2 Ndc6 37. Bh3 Qd8 38. Qxd8+ Nxd8 39. Bd7 Nec6
40. Kg2 Kg8 41. Kf3 Kf8 42. Ke4 Ke7 43. Bh3 Nf7 44. a4 Nd6+ 45. Kd5 Nb4+ 46.
Kc5 Nd3+ 47. Kb6 Nxb2 48. Bg2 e4 49. f3 f5 50. fxe4 fxe4 51. g4 Ke6 52. Bf1 Ke5
53. Be2 Nd3 54. a5 Nc1 55. Bd1 e3 56. h5 Nxb3 57. Be2 Nd4 58. Bxa6 bxa6 59.
Kxa6 Nb3 60. Kb6 Nxa5 61. Kxa5 e2 62. Kb6 e1=Q 63. Kc7 Qc3+ 64. Kb6 Kd5 65. Ka6
Qc6+ 66. Ka7 Qb7# 0-1

[Event "CYCC U16 w"]
[Site "Calgary CAN"]
[Date "2023.07.20"]
[Round "4.46"]
[White "Gokhale, Tanishka"]
[Black "Mok, Gillian"]
[Result "0-1"]
[WhiteElo "1543"]
[BlackElo "1999"]
[PlyCount "112"]
[EventDate "2023.07.19"]
[EventType "swiss"]
[EventRounds "7"]
[EventCountry "CAN"]

1. e4 e5 2. Nf3 Nc6 3. Bc4 Bc5 4. c3 Nf6 5. d3 d6 6. h3 h6 7. Nbd2 O-O 8. a4 a6
9. O-O Ba7 10. Re1 Bd7 11. Nf1 b5 12. Bb3 Qe7 13. Be3 bxa4 14. Bxa4 Bb6 15. Ng3
Bxe3 16. Rxe3 g6 17. Re1 Nh7 18. Qd2 Kg7 19. Nh2 Qg5 20. Qxg5 Nxg5 21. h4 Ne6
22. b4 Rfd8 23. Re3 Ne7 24. Bxd7 Rxd7 25. h5 c6 26. hxg6 fxg6 27. Nf3 Rda7 28.
d4 exd4 29. cxd4 Rb8 30. e5 d5 31. Rea3 Rxb4 32. Rxa6 Rxa6 33. Rxa6 Nxd4 34.
Nxd4 Rxd4 35. Ra7 Kf7 36. Rc7 Rc4 37. Kf1 c5 38. Ke2 Ke6 39. Kd3 Nf5 40. Rc6+
Kxe5 41. Nxf5 gxf5 42. Rxh6 Ra4 43. f3 c4+ 44. Kc3 Ra3+ 45. Kb2 Re3 46. Kc1 Kd4
47. Rf6 Kd3 48. Rxf5 Re1+ 49. Kb2 d4 50. g4 c3+ 51. Kb3 c2 52. Rc5 c1=Q 53.
Rxc1 Rxc1 54. g5 Rg1 55. f4 Ke4 56. Kc4 Kxf4 0-1

[Event "CYCC U16 w"]
[Site "Calgary CAN"]
[Date "2023.07.20"]
[Round "4.47"]
[White "Sreekumar, Gauri"]
[Black "Jeweli, Rosalina"]
[Result "1-0"]
[WhiteElo "1633"]
[BlackElo "1605"]
[PlyCount "119"]
[EventDate "2023.07.19"]
[EventType "swiss"]
[EventRounds "7"]
[EventCountry "CAN"]

1. d4 c5 2. dxc5 Nc6 3. Nf3 e6 4. g3 Bxc5 5. Bg2 Nf6 6. O-O O-O 7. c4 Qb6 8.
Nc3 Ng4 9. Ne4 Bb4 10. Qc2 d5 11. cxd5 exd5 12. Neg5 f5 13. h3 Nf6 14. Be3 Qb5
15. Nd4 Nxd4 16. Bxd4 Ne4 17. Nxe4 fxe4 18. Qb3 Bd7 19. Bxe4 Bxh3 20. Qxd5+
Qxd5 21. Bxd5+ Kh8 22. Bg2 Bxg2 23. Kxg2 Rfc8 24. Rac1 b6 25. Rfd1 Kg8 26. a3
Bc5 27. Bxc5 Rxc5 28. Rxc5 bxc5 29. Rc1 Rc8 30. Kf3 Kf7 31. Ke4 Ke6 32. Rc4 a5
33. b4 axb4 34. axb4 Kd6 35. bxc5+ Rxc5 36. Rxc5 Kxc5 37. Ke5 g6 38. e4 h5 39.
Kf6 Kd4 40. e5 g5 41. e6 h4 42. e7 h3 43. e8=Q h2 44. Qh8 h1=Q 45. Qxh1 g4 46.
Qd1+ Ke4 47. Qxg4+ Kd5 48. Qf4 Kc5 49. Qe4 Kd6 50. Qe5+ Kc6 51. Qd4 Kc7 52. Qd5
Kb6 53. Qc4 Kb7 54. Qc5 Kb8 55. Qc6 Ka7 56. Qb5 Ka8 57. Ke7 Ka7 58. Kd7 Ka8 59.
Kc7 Ka7 60. Qa5# 1-0

[Event "CYCC U16 w"]
[Site "Calgary CAN"]
[Date "2023.07.21"]
[Round "5.43"]
[White "Zhong, April"]
[Black "Ruchinskaya, Valerie"]
[Result "0-1"]
[WhiteElo "1938"]
[BlackElo "2058"]
[PlyCount "88"]
[EventDate "2023.07.19"]
[EventType "swiss"]
[EventRounds "7"]
[EventCountry "CAN"]

1. e4 e6 2. d4 d5 3. Nd2 Be7 4. Bd3 c5 5. dxc5 Nf6 6. Qe2 Nc6 7. Ngf3 Nb4 8.
Nb3 Nxd3+ 9. cxd3 dxe4 10. dxe4 Qc7 11. Bd2 a5 12. a4 Bxc5 13. Qb5+ Nd7 14.
Nxc5 Qxc5 15. O-O Qxb5 16. axb5 b6 17. b4 a4 18. Nd4 Ne5 19. Rfc1 Bd7 20. Rc3
Ke7 21. f4 Ng4 22. Rg3 h5 23. h3 Nf6 24. Re3 Rhc8 25. e5 Nd5 26. Rg3 g6 27. Rc1
a3 28. Rxc8 Bxc8 29. Nb3 a2 30. Na1 Bd7 31. f5 exf5 32. Rd3 Ke6 33. Bc1 Bxb5
34. Ra3 Rxa3 35. Bxa3 Kxe5 36. Bb2+ Ke4 37. Kf2 Nxb4 38. Bc3 Nd3+ 39. Ke2 Ba4
40. Kd2 b5 41. Nc2 Bxc2 42. Kxc2 Nf4 43. Kb2 Nxg2 44. Kxa2 f4 0-1

[Event "CYCC U16 w"]
[Site "Calgary CAN"]
[Date "2023.07.21"]
[Round "5.44"]
[White "Lin, Angela"]
[Black "Koop, Alison"]
[Result "1/2-1/2"]
[WhiteElo "1469"]
[BlackElo "1250"]
[PlyCount "173"]
[EventDate "2023.07.19"]
[EventType "swiss"]
[EventRounds "7"]
[EventCountry "CAN"]

1. d4 d5 2. Bf4 Bf5 3. Nf3 Nf6 4. e3 e6 5. Bd3 Bxd3 6. Qxd3 Nbd7 7. Nbd2 c5 8.
c3 Be7 9. O-O O-O 10. Ne5 Nh5 11. Bg3 Nxg3 12. Nxd7 c4 13. Qc2 Ne2+ 14. Kh1
Qxd7 15. Nf3 Nxc3 16. Qxc3 Rfc8 17. Ne5 Qe8 18. f4 a5 19. a3 b5 20. Qc2 g6 21.
Ng4 Kg7 22. Qf2 b4 23. axb4 axb4 24. Qc2 Rxa1 25. Rxa1 Ra8 26. Qc1 Ra4 27. Qd1
b3 28. Kg1 Qa8 29. Rb1 Qa5 30. Nf2 Ra2 31. Kf1 Qa4 32. g3 Qb5 33. Kg2 Qb4 34.
Kf3 Bd8 35. Qe1 Ba5 36. h4 h5 37. Qd1 Qd2 38. Qxd2 Bxd2 39. Nd1 Kf6 40. Ke2 Bb4
41. Kf3 Kf5 42. Nf2 Bd2 43. Nd1 f6 44. Ke2 Bb4 45. Kf3 e5 46. fxe5 fxe5 47. Nf2
e4+ 48. Kg2 Bd2 49. Nd1 Be1 50. Kh3 g5 51. hxg5 Kxg5 52. Rc1 Ra7 53. Rb1 Bd2
54. Kg2 Ra5 55. Kh3 Rb5 56. Kg2 h4 57. gxh4+ Kxh4 58. Kf2 Ba5 59. Kg2 Be1 60.
Kf1 Bb4 61. Kg2 Kg4 62. Nf2+ Kf5 63. Nd1 Ra5 64. Kg3 Be1+ 65. Kg2 Kg4 66. Kf1
Bb4 67. Kg2 Ra2 68. Nf2+ Kh4 69. Rh1+ Kg5 70. Rb1 c3 71. bxc3 Bxc3 72. Kf1 Ra1
73. Rxa1 Bxa1 74. Nd1 Kg4 75. Kg2 Kh4 76. Kh2 Bxd4 77. exd4 e3 78. Nc3 b2 79.
Kg2 Kg4 80. Kf1 Kf3 81. Ke1 e2 82. Nb1 Ke3 83. Nd2 Kd3 84. Nb1 Kxd4 85. Kxe2
Kc4 86. Kd2 Kb3 87. Kd3 1/2-1/2

[Event "CYCC U16 w"]
[Site "Calgary CAN"]
[Date "2023.07.21"]
[Round "5.45"]
[White "Jain, Ankita"]
[Black "Surya, Dania"]
[Result "1-0"]
[WhiteElo "1467"]
[BlackElo "1491"]
[PlyCount "131"]
[EventDate "2023.07.19"]
[EventType "swiss"]
[EventRounds "7"]
[EventCountry "CAN"]

1. d4 d5 2. c4 c6 3. Nc3 Nf6 4. Nf3 dxc4 5. a4 Bf5 6. e3 e6 7. Bxc4 Bb4 8. O-O
Qc7 9. Ne2 O-O 10. Ng3 Bg6 11. Qe2 Nbd7 12. Bd2 Bd6 13. Bd3 Bxd3 14. Qxd3 Rad8
15. Qc2 Rfe8 16. Rfc1 e5 17. Bc3 e4 18. Nd2 Bxg3 19. hxg3 Nb6 20. Ba5 Rd5 21.
Nc4 Nfd7 22. Bxb6 Nxb6 23. Nxb6 Qxb6 24. Ra3 Re6 25. Qb3 Rh5 26. Qxb6 axb6 27.
Rac3 Kf8 28. Kf1 Ra5 29. b3 Ke7 30. Ke2 h5 31. Rc4 Kd6 32. Ra1 Re8 33. Rh1 g6
34. f3 f5 35. Rh4 Re6 36. Kd2 Ra8 37. g4 hxg4 38. fxg4 fxg4 39. Rxg4 Rf8 40.
Rc2 Rf2+ 41. Kc3 Rxc2+ 42. Kxc2 Ke7 43. Kd2 Kd6 44. Rf4 Ke7 45. Rh4 Kf6 46. Ke2
Re7 47. Kf2 Re6 48. Kg3 Re7 49. Rh3 Re6 50. Rh7 Re7 51. Rxe7 Kxe7 52. Kf4 Kf6
53. b4 g5+ 54. Kxe4 Ke6 55. g4 Kd6 56. Kf5 Kd5 57. Kxg5 Kc4 58. Kf4 Kxb4 59. g5
c5 60. dxc5 bxc5 61. g6 c4 62. g7 Kxa4 63. g8=Q b5 64. Ke4 Kb3 65. Kd4 Kb4 66.
Qd5 1-0

[Event "CYCC U16 w"]
[Site "Calgary CAN"]
[Date "2023.07.21"]
[Round "5.46"]
[White "Mok, Gillian"]
[Black "Sreekumar, Gauri"]
[Result "1/2-1/2"]
[WhiteElo "1999"]
[BlackElo "1633"]
[PlyCount "108"]
[EventDate "2023.07.19"]
[EventType "swiss"]
[EventRounds "7"]
[EventCountry "CAN"]

1. e4 c5 2. Nf3 d6 3. d4 cxd4 4. Nxd4 Nf6 5. Nc3 g6 6. Be3 Bg7 7. f3 Nc6 8. Bc4
O-O 9. Qd2 Nxd4 10. Bxd4 Be6 11. Bxe6 fxe6 12. O-O-O Qa5 13. h4 b5 14. Kb1 Rfc8
15. Bxf6 Bxf6 16. Nd5 Qxd2 17. Nxf6+ exf6 18. Rxd2 Rc6 19. Rhd1 Rd8 20. Rd4 Kf7
21. a4 bxa4 22. Rxa4 Rd7 23. Rd3 Rdc7 24. Rda3 Rxc2 25. Rxa7 Rc1+ 26. Ka2 h5
27. Rxc7+ Rxc7 28. Rd3 Rc2 29. g3 Rg2 30. f4 Ke7 31. Re3 e5 32. fxe5 dxe5 33.
Ka3 Kd6 34. b3 f5 35. exf5 gxf5 36. Rf3 Ke6 37. b4 e4 38. Rc3 Kd5 39. b5 Kd4
40. Kb3 e3 41. b6 e2 42. Rc4+ Kd5 43. Rc1 Rxg3+ 44. Kc2 Kc6 45. Kd2+ Kxb6 46.
Kxe2 Rg4 47. Rf1 f4 48. Kf3 Rg7 49. Re1 Rg4 50. Re4 Rxh4 51. Rxf4 Rh1 52. Kg2
Ra1 53. Rf5 Ra5 54. Rxa5 Kxa5 1/2-1/2

[Event "CYCC U16 w"]
[Site "Calgary CAN"]
[Date "2023.07.21"]
[Round "5.47"]
[White "Jeweli, Rosalina"]
[Black "Gokhale, Tanishka"]
[Result "0-1"]
[WhiteElo "1605"]
[BlackElo "1543"]
[PlyCount "66"]
[EventDate "2023.07.19"]
[EventType "swiss"]
[EventRounds "7"]
[EventCountry "CAN"]

1. d4 d5 2. Bf4 Nf6 3. e3 Bf5 4. Nf3 e6 5. Bd3 Bg6 6. Nbd2 Nbd7 7. O-O c5 8.
Re1 Be7 9. e4 c4 10. e5 cxd3 11. exf6 Bxf6 12. cxd3 Bxd3 13. Qb3 Ba6 14. Qxd5
Nb6 15. Rxe6+ fxe6 16. Qxe6+ Qe7 17. Qb3 Qd7 18. Rc1 Rc8 19. Re1+ Kd8 20. Re6
Rc1+ 21. Ne1 Re8 22. h3 Rxe1+ 23. Rxe1 Rxe1+ 24. Kh2 Qd5 25. Qxd5+ Nxd5 26. Nf3
Re2 27. Bg3 Rxb2 28. Ne5 Bxe5 29. dxe5 Rxa2 30. f4 Ne3 31. Bh4+ Ke8 32. Kh1
Nxg2 33. Bg3 Bc4 0-1

[Event "CYCC U16 w"]
[Site "Calgary CAN"]
[Date "2023.07.21"]
[Round "6.43"]
[White "Ruchinskaya, Valerie"]
[Black "Lin, Angela"]
[Result "1-0"]
[WhiteElo "2058"]
[BlackElo "1469"]
[PlyCount "121"]
[EventDate "2023.07.19"]
[EventType "swiss"]
[EventRounds "7"]
[EventCountry "CAN"]

1. d4 d5 2. c4 c6 3. cxd5 cxd5 4. Bf4 Bf5 5. Nc3 a6 6. e3 e6 7. Nf3 Nc6 8. Qb3
Bb4 9. Rc1 Nf6 10. Be2 Qd7 11. O-O Bxc3 12. Qxc3 O-O 13. b4 Ne4 14. Qb2 Nd6 15.
a3 Rac8 16. Bxd6 Qxd6 17. Rc5 Qd7 18. b5 axb5 19. Bxb5 Qd6 20. Rfc1 Na7 21. Ba4
b6 22. Rxc8 Rxc8 23. Rxc8+ Nxc8 24. Qc3 Qd8 25. Nd2 Nd6 26. Qc6 Kf8 27. f3 Ke7
28. Kf2 Kf6 29. e4 dxe4 30. fxe4 Kg6 31. exf5+ Nxf5 32. Qe4 Qxd4+ 33. Qxd4 Nxd4
34. Ke3 Nf5+ 35. Kf4 Nd6 36. Ke5 Nc8 37. Bd7 Na7 38. Nc4 b5 39. Nd6 h6 40. Be8
Kh7 41. Nxf7 Kg8 42. Nd6 Kf8 43. Bxb5 Ke7 44. a4 h5 45. h4 g6 46. a5 Kd8 47.
Kxe6 Kc7 48. Be8 Nc6 49. Bxc6 Kxc6 50. Nc4 Kb5 51. Kf6 Kxc4 52. a6 Kd4 53. a7
Ke4 54. a8=Q+ Kd4 55. Qa4+ Kc5 56. Ke5 Kb6 57. Qc4 Kb7 58. Kd6 Ka7 59. Qb5 Ka8
60. Kc7 Ka7 61. Qb7# 1-0

[Event "CYCC U16 w"]
[Site "Calgary CAN"]
[Date "2023.07.21"]
[Round "6.44"]
[White "Koop, Alison"]
[Black "Mok, Gillian"]
[Result "0-1"]
[WhiteElo "1250"]
[BlackElo "1999"]
[PlyCount "104"]
[EventDate "2023.07.19"]
[EventType "swiss"]
[EventRounds "7"]
[EventCountry "CAN"]

1. d4 Nf6 2. c4 g6 3. Nc3 Bg7 4. Nf3 d6 5. Bg5 Bf5 6. g3 O-O 7. Bg2 h6 8. Bd2
Ne4 9. Nh4 Nxc3 10. Bxc3 Bc8 11. O-O Nd7 12. Re1 c5 13. e3 Rb8 14. Qd2 Nf6 15.
Rad1 g5 16. Nf3 Ne4 17. Qc1 Nxc3 18. Qxc3 Be6 19. Qc2 Qc8 20. b3 Bg4 21. Rd2 a6
22. Rc1 Bf5 23. Qd1 Be4 24. dxc5 Qxc5 25. Nd4 Bxg2 26. Kxg2 Rbc8 27. Rdc2 Rfd8
28. Qd3 e6 29. Kg1 Rd7 30. Qe4 Rcd8 31. Qd3 d5 32. Nf3 dxc4 33. Qxc4 Qf5 34.
Ne1 Rd2 35. Rxd2 Rxd2 36. Qf1 Rxa2 37. Nd3 Rd2 38. Ne1 Bb2 39. Rc8+ Kg7 40. Ng2
Qd5 41. Ne1 Qxb3 42. h3 Ba3 43. Kg2 Qd5+ 44. Nf3 Bb2 45. Qb1 Bf6 46. Ra8 Rb2
47. Qc1 Qd7 48. Qc5 Rb5 49. Qf8+ Kg6 50. Qg8+ Bg7 51. Rd8 Qc6 52. Re8 Rf5 0-1